Jacobian elliptic functions
Enregistré dans:
| Auteur principal: | |
|---|---|
| Format: | Livre |
| Langue: | anglais |
| Publié: |
Oxford
Carendon Press
1944
|
| Sujets: | |
| Tags: |
Ajouter un tag
Pas de tags, Soyez le premier à ajouter un tag!
|
MARC
| LEADER | 00000nam a2200000 a 4500 | ||
|---|---|---|---|
| 001 | UCP1285 | ||
| 003 | CL-VaPUC | ||
| 008 | 990401e19440000UK |||||||||||||||||eng|d | ||
| 082 | 0 | 4 | |a 515.983 |b NEV |2 21 |
| 100 | 0 | |a Neville, Eric Harold |e author |9 427239 | |
| 245 | 1 | 0 | |a Jacobian elliptic functions |
| 300 | |a 345 p | ||
| 942 | |c BK | ||
| 945 | |d 19990401 00:00:00 |a crobeson | ||
| 260 | |a Oxford |b Carendon Press |c 1944 | ||
| 650 | 7 | |a FUNCIONES ELIPTICAS |2 CL-VaPUC |9 271205 | |
| 650 | 7 | |a FUNCIONES JACOBIANAS |2 CL-VaPUC |9 427240 | |
| 650 | 0 | |a Funciones analíticas |9 270036 | |
| 650 | 7 | |a INTEGRALES ELIPTICAS |2 CL-VaPUC |9 425383 | |
| 650 | 0 | |a Análisis complejo |9 260214 | |
| 650 | 0 | |a Números complejos |9 270335 | |
| 583 | |a last modification |c 19990401 00:00:00 |k Rodrigo Vera | ||
| 999 | |c 279979 |d 279977 | ||
| 952 | |0 0 |1 0 |4 0 |6 515_983000000000000_NEV_1944 |7 0 |8 A |9 319929 |a BIBMAT |b BIBMAT |d 2019-11-20 |i 1334484 |o 515.983 NEV 1944 |p 1334484 |r 2025-01-07 |w 2019-11-20 |y BK |k MAT | ||